=LDR 00000nam 2200000 4500 =001 INLIS000000000046910 =005 20240801114206 =035 ##$$a 0010-051500000000169 =008 240801###########################0#ind## =082 ##$$a 398.221 =090 ##$$a 398.221 ric s 4 =100 ##$$a Ricky Gunawan =245 1#$$a Petualangan DOMBI : $b Jalan-jalan ke hutan /$c Ricky Gunawan =260 ##$$a [s.l] :$b Nyo-nyo,$c [s.a] =300 ##$$a 31 hlm. : $b Ilus. ; $c 18 x 22 cm =850 ##$$a NPBMAT =020 ##$$a 978-979-29-1493-1 =084 ##$$a 398.221 RIC p =990 ##$$a 0112/BPAP-NTB/2015